000 00701nam a2200181 a 4500
008 190521s2004 ||||||||||||||||| || u
020 _a9780099458333
050 _aKD 21 Ken
100 _aKennedy, Helena
245 1 0 _aJust law: the changing face of justice - and why it matters to us all
_cBy Helena Kennedy
260 _aLondon
_bVintage Books
_c2004
300 _axi, 333 pages
350 _a11.19
650 _aRULE OF LAW--GREAT BRITAIN
650 _aCIVIL RIGHTS--GREAT BRITAIN
650 _aDUE PROCESS OF LAW--GREAT BRITAIN
995 _FCBU-MAIN LIBRARY (Kitwe)
_I11.19
_M1
_UAVAILABLE
_WMay 28, 2019
_ZAnnex Low-Usage Collection
999 _c48531
_d48531